00473cas a2200121 a 45000220014000000820015000141000020000292450166000492600056002153000013002716500045002846500022003290 a1074-803200a657.46 FRE aLouis S.Freeman00aTax strategies for corporate acquisitions, dispositions, spin-offs, joint ventures and other strategic alliances, financings, reorganizations and restructurings. aNew York, N.Y. :bPractising Law Institute,c1993-c av. ;1055 0aConsolidation and merger of corporations 0aLeveraged buyouts